| 000 | 00889namaa2200289 i 4500 | ||
|---|---|---|---|
| 003 | EG-GICUC | ||
| 005 | 20251116121502.0 | ||
| 008 | 251116s1974 enk||||gr|||| 00| 1 eng d | ||
| 020 | _a022401045X | ||
| 040 |
_aEG-GiCUC _beng _cEG-GiCUC _dEG-GiCUC _erda |
||
| 082 | 0 | 4 |
_221 _a823.914 _bF789 |
| 092 | 0 | 4 |
_221 _a823.914 _bF789 |
| 099 | _a823.914 F789 | ||
| 100 | 1 |
_aFowles, John, _d1926-2005 _eAuthor. |
|
| 245 | 1 | 4 |
_aThe ebony tower / _cJohn Fowles. |
| 264 |
_aLondon : _bCape, _c1974. |
||
| 300 |
_a300 page ; _c21 cm. |
||
| 336 |
_2rdacontent _atext |
||
| 337 |
_2rdamedia _aUnmediated |
||
| 338 |
_2rdacarrier _avolume |
||
| 505 | _aThe ebony tower.--Eliduc.--Poor Koko.--The enigma.--The cloud. | ||
| 541 |
_aDr. Jabir Usfour ; _bCairo ; _cGift ; _d2024. |
||
| 650 | 1 |
_aEnglish fiction _y20th century _2qrmak |
|
| 651 | 1 | _2qrmak | |
| 905 | _aAsmaa | ||
| 942 |
_2ddc _cBK _e21 _n0 |
||
| 999 |
_c175888 _d175888 |
||